000 00696cam a2200193 4500
001 D15384
008 090401t1973 xxu||||| |||| 00| 0 eng d
035 _a(Sirsi) u22389
041 _aeng
050 _a631.20212
110 _aRoyal Institution of Chartered Surveyors
_94900
245 _aFarm buildings course: design in practice; programme and attendance list
260 _aCirencester
_bRoyal Agriculture College
_c1973
300 _a23p
350 _a0
520 _aPapers: Hollins R.S Taking clients requirements. Clarke, P.O. The work stages-after the determination of the brief. Allott, D.J. Notes on syndicate exercise; Filed in box 1973/16A
942 _n0
948 _c04/03/1997
999 _c88177
_d88177